New Zealand Members of Parliament 2014-2017 - Statistics

General Stats
  • This quiz has been taken 12 times
    7 since last reset
  • The average score is 72 of 121
Answer Stats
Hint Answer % Correct
list Hekia {Parata}
100%
list Jacinda {Ardern}
100%
Helensville John {Key}
100%
list Melissa {Lee}
100%
Nelson Nick {Smith}
100%
Ohariu Peter {Dunne}
100%
Christchurch East Poto {Williams}
100%
Kaikoura Stuart {Smith}
100%
Hutt South Trevor {Mallard}
100%
Northland Winston {Peters}
100%
Selwyn Amy {Adams}
83%
list Bill {English}
83%
list Clayton {Cosgrove}
83%
West Coast-Tasman Damien {O'Connor}
83%
Epsom David {Seymour}
83%
list Eugenie {Sage}
83%
Ilam Gerry {Brownlee}
83%
Papakura Judith {Collins}
83%
Mana Kris {Faafoi}
83%
Mt Roskill Michael {Wood}
83%
list Mojo {Mathers}
83%
Hauraki-Waikato Nanaia {Mahuta}
83%
Auckland Central Nikki {Kaye}
83%
Tauranga Simon {Bridges}
83%
Tamaki Simon {O'Connor}
83%
Wairiki Te Ururoa {Flavell}
83%
East Coast Anne {Tolley}
67%
Rongotai Annette {King}
67%
Kelston Carmel {Sepuloni}
67%
list Chris {Bishop}
67%
Hamilton East David {Bennett}
67%
list David {Carter}
67%
Dunedin North David {Clark}
67%
New Lynn David {Cunliffe}
67%
list David {Parker}
67%
Wellington Central Grant {Robertson}
67%
Palmerston North Ian {Lees-Galloway}
67%
Rangitikei Ian {McKelvie}
67%
list James {Shaw}
67%
list Jan {Logie}
67%
list Julie Anne {Genter}
67%
Manurewa Louisa {Wall}
67%
Taupo Louise {Upston}
67%
list Marama {Davidson}
67%
list Marama {Fox}
67%
Wigram Megan {Woods}
67%
list Michael {Woodhouse}
67%
Otaki Nathan {Guy}
67%
Upper Harbour Paula {Bennett}
67%
Te Atatu Phil {Twyford}
67%
Port Hills Ruth {Dyson}
67%
Napier Stuart {Nash}
67%
Mangere Su'a William {Sio}
67%
Clutha-Southland Todd {Barclay}
67%
list Alfred {Ngaro}
50%
list Andrew {Little}
50%
Taranaki-King Country Barbara {Kuriger}
50%
list Catherine {Delahunty}
50%
Whanganui Chester {Borrows}
50%
list Chris {Finlayson}
50%
Rimutaka Chris {Hipkins}
50%
list Clare {Curran}
50%
list Darroch {Ball}
50%
list David {Clendon}
50%
list Denise {Roche}
50%
list Gareth {Hughes}
50%
Waitaki Jacqui {Dean}
50%
Botany Jami-Lee {Ross}
50%
Manukau East Jenny {Salesa}
50%
list Jian {Yang}
50%
Rangitata Jo {Goodhew}
50%
Northcote Jonathan {Coleman}
50%
list Jono {Naylor}
50%
Te Tai Tokerau Kelvin {Davis}
50%
list Kennedy {Graham}
50%
Waikato Lindsay {Tisch}
50%
North Shore Maggie {Barry}
50%
list Mahesh {Bindra}
50%
list Matt {Doocey}
50%
list Maureen {Pugh}
50%
Pakuranga Maurice {Williamson}
50%
Ikaroa-Rawhiti Meka {Whaitiri}
50%
list Metiria {Turei}
50%
East Coast Bays Murray {McCully}
50%
Christchurch Central Nicky {Wagner}
50%
list Nuk {Korako}
50%
list Parmjeet {Parmar}
50%
list Paul {Goldsmith}
50%
Tamaki Makaurau Peeni {Henare}
50%
list Pita {Paraone}
50%
list Raymond {Huo}
50%
list Ria {Bond}
50%
list Richard {Prosser}
50%
Te Tai Tonga Rino {Tirikatene}
50%
list Ron {Mark}
50%
Coromandel Scott {Simpson}
50%
Whangarei Shane {Reti}
50%
list Steffan {Browning}
50%
list Steven {Joyce}
50%
list{ Sue {Moroney}
50%
Hamilton West Tim {Macindoe}
50%
Rotorua Todd {McClay}
50%
list Tracey {Martin}
50%
Te Tai Hauauru Adrian {Rurawhe}
33%
Wairarapa Alastair {Scott}
33%
Hunua Andrew {Bayly}
33%
list Barbara {Stewart}
33%
list Barry {Coates}
33%
list Clayton {Mitchell}
33%
Tukituki Craig {Foss}
33%
list Fletcher {Tabuteau}
33%
list Joanne {Hayes}
33%
New Plymouth Jonathan {Young}
33%
list Kanwaljit Singh {Bakshi}
33%
Rodney Mark {Mitchell}
33%
Maungakiekie Peseta Sam {Lotu-Iiga}
33%
Invercargill Sarah {Dowie}
33%
Bay of Plenty Todd {Muller}
33%
list Brett {Hudson}
17%
list Paul {Foster-Bell}
17%
list Denis {O'Rourke}
0%
No matching quizzes found
Score Distribution
Percent of People with Each Score
Percentile by Number Answered
Your Score History
You have not taken this quiz since the last reset